<?xml version="1.0" encoding="UTF-8"?>
<record
    xmlns:xsi="http://www.w3.org/2001/XMLSchema-instance"
    xsi:schemaLocation="http://www.loc.gov/MARC21/slim http://www.loc.gov/standards/marcxml/schema/MARC21slim.xsd"
    xmlns="http://www.loc.gov/MARC21/slim">

  <leader>00828nam a22001697a 4500</leader>
  <controlfield tag="008">140912b        xxu||||| |||| 00| 0 eng d</controlfield>
  <datafield tag="020" ind1=" " ind2=" ">
    <subfield code="a">9789988152161</subfield>
  </datafield>
  <datafield tag="050" ind1=" " ind2=" ">
    <subfield code="a">KRX810.D75</subfield>
  </datafield>
  <datafield tag="100" ind1=" " ind2=" ">
    <subfield code="a">Dowuona-Hammond, Christine</subfield>
  </datafield>
  <datafield tag="245" ind1=" " ind2=" ">
    <subfield code="a">The Law of contract in Ghana. /</subfield>
    <subfield code="c">Christine Dowuona-Hammond</subfield>
  </datafield>
  <datafield tag="260" ind1=" " ind2=" ">
    <subfield code="a">Accra:</subfield>
    <subfield code="b">Frontiers Printing &amp; Pub. Co.,</subfield>
    <subfield code="c">2011.</subfield>
  </datafield>
  <datafield tag="300" ind1=" " ind2=" ">
    <subfield code="a">xxix, 346p.</subfield>
    <subfield code="c">24cm.</subfield>
  </datafield>
  <datafield tag="500" ind1=" " ind2=" ">
    <subfield code="a">Includes index</subfield>
  </datafield>
  <datafield tag="505" ind1=" " ind2=" ">
    <subfield code="a">Contents: The Nature and essence of contract -- Offer and acceptance -- Intention to create legal relations -- Capacity to contract -- Consideration -- Terms of contract -- Privity of contract -- Mistake -- Misinterpretation -- Illegality and the enforcement of contractual obligations -- Discharge of contract -- Remedies for breach of contract</subfield>
  </datafield>
  <datafield tag="600" ind1=" " ind2=" ">
    <subfield code="2">Law of contract</subfield>
  </datafield>
  <datafield tag="942" ind1=" " ind2=" ">
    <subfield code="2">lcc</subfield>
    <subfield code="c">BK</subfield>
  </datafield>
  <datafield tag="999" ind1=" " ind2=" ">
    <subfield code="c">4772</subfield>
    <subfield code="d">12272</subfield>
  </datafield>
  <datafield tag="952" ind1=" " ind2=" ">
    <subfield code="0">0</subfield>
    <subfield code="1">0</subfield>
    <subfield code="2">lcc</subfield>
    <subfield code="4">0</subfield>
    <subfield code="7">0</subfield>
    <subfield code="a">WIUC-1</subfield>
    <subfield code="b">WIUC-1</subfield>
    <subfield code="c">LL</subfield>
    <subfield code="d">2014-09-12</subfield>
    <subfield code="l">0</subfield>
    <subfield code="o">KRX810.D75</subfield>
    <subfield code="p">027/13</subfield>
    <subfield code="r">2014-09-12 00:00:00</subfield>
    <subfield code="t">1</subfield>
    <subfield code="w">2014-09-12</subfield>
    <subfield code="y">BK</subfield>
  </datafield>
  <datafield tag="952" ind1=" " ind2=" ">
    <subfield code="0">0</subfield>
    <subfield code="1">0</subfield>
    <subfield code="2">lcc</subfield>
    <subfield code="4">0</subfield>
    <subfield code="7">0</subfield>
    <subfield code="a">WIUC-1</subfield>
    <subfield code="b">WIUC-1</subfield>
    <subfield code="c">LL</subfield>
    <subfield code="d">2014-09-12</subfield>
    <subfield code="l">0</subfield>
    <subfield code="o">KRX810.D751</subfield>
    <subfield code="p">028/13</subfield>
    <subfield code="r">2014-09-12 00:00:00</subfield>
    <subfield code="t">2</subfield>
    <subfield code="w">2014-09-12</subfield>
    <subfield code="y">BK</subfield>
  </datafield>
  <datafield tag="952" ind1=" " ind2=" ">
    <subfield code="0">0</subfield>
    <subfield code="1">0</subfield>
    <subfield code="2">lcc</subfield>
    <subfield code="4">0</subfield>
    <subfield code="7">0</subfield>
    <subfield code="a">WIUC-1</subfield>
    <subfield code="b">WIUC-1</subfield>
    <subfield code="c">LL</subfield>
    <subfield code="d">2014-09-12</subfield>
    <subfield code="l">0</subfield>
    <subfield code="o">KRX810.D752</subfield>
    <subfield code="p">029/13</subfield>
    <subfield code="r">2014-09-12 00:00:00</subfield>
    <subfield code="t">3</subfield>
    <subfield code="w">2014-09-12</subfield>
    <subfield code="y">BK</subfield>
  </datafield>
  <datafield tag="952" ind1=" " ind2=" ">
    <subfield code="0">0</subfield>
    <subfield code="1">0</subfield>
    <subfield code="2">lcc</subfield>
    <subfield code="4">0</subfield>
    <subfield code="7">0</subfield>
    <subfield code="a">WIUC-1</subfield>
    <subfield code="b">WIUC-1</subfield>
    <subfield code="c">LL</subfield>
    <subfield code="d">2018-04-11</subfield>
    <subfield code="l">0</subfield>
    <subfield code="o">KRX810.D753</subfield>
    <subfield code="p">2569/110/18</subfield>
    <subfield code="r">2018-04-11 00:00:00</subfield>
    <subfield code="t">4</subfield>
    <subfield code="w">2018-04-11</subfield>
    <subfield code="y">BK</subfield>
  </datafield>
  <datafield tag="952" ind1=" " ind2=" ">
    <subfield code="0">0</subfield>
    <subfield code="1">0</subfield>
    <subfield code="2">lcc</subfield>
    <subfield code="4">0</subfield>
    <subfield code="7">0</subfield>
    <subfield code="a">WIUC-KL</subfield>
    <subfield code="b">WIUC-KL</subfield>
    <subfield code="c">LL</subfield>
    <subfield code="d">2019-08-21</subfield>
    <subfield code="o">KRX810.D75</subfield>
    <subfield code="p">KSL/067/19</subfield>
    <subfield code="r">2021-05-12 00:00:00</subfield>
    <subfield code="t">1</subfield>
    <subfield code="w">2021-05-12</subfield>
    <subfield code="y">BK</subfield>
  </datafield>
  <datafield tag="952" ind1=" " ind2=" ">
    <subfield code="0">0</subfield>
    <subfield code="1">0</subfield>
    <subfield code="2">lcc</subfield>
    <subfield code="4">0</subfield>
    <subfield code="7">0</subfield>
    <subfield code="a">WIUC-KL</subfield>
    <subfield code="b">WIUC-KL</subfield>
    <subfield code="c">LL</subfield>
    <subfield code="d">2019-08-21</subfield>
    <subfield code="l">0</subfield>
    <subfield code="o">KRX810.D751</subfield>
    <subfield code="p">KSL/068/19</subfield>
    <subfield code="r">2021-06-02 00:00:00</subfield>
    <subfield code="t">2</subfield>
    <subfield code="w">2021-05-12</subfield>
    <subfield code="y">BK</subfield>
  </datafield>
  <datafield tag="952" ind1=" " ind2=" ">
    <subfield code="0">0</subfield>
    <subfield code="1">0</subfield>
    <subfield code="2">lcc</subfield>
    <subfield code="4">0</subfield>
    <subfield code="7">0</subfield>
    <subfield code="a">WIUC-KL</subfield>
    <subfield code="b">WIUC-KL</subfield>
    <subfield code="c">LL</subfield>
    <subfield code="d">2023-05-29</subfield>
    <subfield code="o">KRX810.D752</subfield>
    <subfield code="p">KSL/1871/134/23</subfield>
    <subfield code="r">2023-06-19 00:00:00</subfield>
    <subfield code="t">3</subfield>
    <subfield code="w">2021-05-12</subfield>
    <subfield code="y">BK</subfield>
  </datafield>
  <datafield tag="952" ind1=" " ind2=" ">
    <subfield code="0">0</subfield>
    <subfield code="1">0</subfield>
    <subfield code="2">lcc</subfield>
    <subfield code="4">0</subfield>
    <subfield code="7">0</subfield>
    <subfield code="a">WIUC-KL</subfield>
    <subfield code="b">WIUC-KL</subfield>
    <subfield code="c">LL</subfield>
    <subfield code="d">2023-05-29</subfield>
    <subfield code="l">0</subfield>
    <subfield code="o">KRX810.D753</subfield>
    <subfield code="p">KSL/1872/135/23</subfield>
    <subfield code="r">2023-06-19 00:00:00</subfield>
    <subfield code="t">4</subfield>
    <subfield code="w">2021-05-12</subfield>
    <subfield code="y">BK</subfield>
  </datafield>
  <datafield tag="952" ind1=" " ind2=" ">
    <subfield code="0">0</subfield>
    <subfield code="1">0</subfield>
    <subfield code="2">lcc</subfield>
    <subfield code="4">0</subfield>
    <subfield code="7">0</subfield>
    <subfield code="a">WIUC-KL</subfield>
    <subfield code="b">WIUC-KL</subfield>
    <subfield code="c">LL</subfield>
    <subfield code="d">2023-05-29</subfield>
    <subfield code="l">0</subfield>
    <subfield code="o">KRX810.D754</subfield>
    <subfield code="p">KSL/1873/136/23</subfield>
    <subfield code="r">2023-06-19 00:00:00</subfield>
    <subfield code="t">5</subfield>
    <subfield code="w">2021-05-12</subfield>
    <subfield code="y">BK</subfield>
  </datafield>
  <datafield tag="952" ind1=" " ind2=" ">
    <subfield code="0">0</subfield>
    <subfield code="1">0</subfield>
    <subfield code="2">lcc</subfield>
    <subfield code="4">0</subfield>
    <subfield code="7">0</subfield>
    <subfield code="a">WIUC-1</subfield>
    <subfield code="b">WIUC-1</subfield>
    <subfield code="c">REF LAW SECTION</subfield>
    <subfield code="d">2024-08-21</subfield>
    <subfield code="l">0</subfield>
    <subfield code="o">KRX810.D75</subfield>
    <subfield code="p">331/331/24</subfield>
    <subfield code="r">2024-08-21 00:00:00</subfield>
    <subfield code="t">1</subfield>
    <subfield code="w">2024-08-21</subfield>
    <subfield code="y">BK</subfield>
  </datafield>
  <datafield tag="952" ind1=" " ind2=" ">
    <subfield code="0">0</subfield>
    <subfield code="1">0</subfield>
    <subfield code="2">lcc</subfield>
    <subfield code="4">0</subfield>
    <subfield code="7">0</subfield>
    <subfield code="a">WIUC-1</subfield>
    <subfield code="b">WIUC-1</subfield>
    <subfield code="c">REF LAW SECTION</subfield>
    <subfield code="d">2024-08-21</subfield>
    <subfield code="l">0</subfield>
    <subfield code="o">KRX810.D751</subfield>
    <subfield code="p">332/332/24</subfield>
    <subfield code="r">2024-08-21 00:00:00</subfield>
    <subfield code="t">2</subfield>
    <subfield code="w">2024-08-21</subfield>
    <subfield code="y">BK</subfield>
  </datafield>
  <datafield tag="952" ind1=" " ind2=" ">
    <subfield code="0">0</subfield>
    <subfield code="1">0</subfield>
    <subfield code="2">lcc</subfield>
    <subfield code="4">0</subfield>
    <subfield code="7">0</subfield>
    <subfield code="a">WIUC-1</subfield>
    <subfield code="b">WIUC-1</subfield>
    <subfield code="c">REF LAW SECTION</subfield>
    <subfield code="d">2024-08-21</subfield>
    <subfield code="l">0</subfield>
    <subfield code="o">KRX810.D752</subfield>
    <subfield code="p">333/333/24</subfield>
    <subfield code="r">2024-08-21 00:00:00</subfield>
    <subfield code="t">3</subfield>
    <subfield code="w">2024-08-21</subfield>
    <subfield code="y">BK</subfield>
  </datafield>
</record>
